| 000 | 00653nam a22001937a 4500 | ||
|---|---|---|---|
| 005 | 20241122113244.0 | ||
| 008 | 241122b |||||||| |||| 00| 0 eng d | ||
| 020 | _a9780324017359 | ||
| 050 |
_aHD58.7 _b.N44 NEL |
||
| 100 | _aNelson Debra L. | ||
| 245 |
_aOrganizational Behavior: _bFoundations, Realities, & Challenges/ _cDebra L. Nelson & James Campbell Quick |
||
| 250 | _a3rd Ed. | ||
| 260 |
_aAustralia _bSouth-Western College Publishing _c2000 |
||
| 300 |
_axxviii. mixed pagings: _bill. col.: _c28 cm x 21.5 cm |
||
| 500 | _aIncludes Index | ||
| 650 | _2Organizational Behavior | ||
| 700 | _aQuick James Campbell | ||
| 942 |
_2lcc _cBK _e3rd Ed. _n0 |
||
| 999 |
_c1425 _d1425 |
||